| 000 | 00984nam a22003257a 4500 | ||
|---|---|---|---|
| 001 | BR0706498 | ||
| 003 | BR-BrBNA | ||
| 005 | 20230928102555.0 | ||
| 007 | ta | ||
| 008 | 230509b bl.||||| |||| 00| 0 por d | ||
| 040 |
_aBR-BrBNA _bpor _cBiblioteca Nacional de Agricultura |
||
| 041 | _a(Por) | ||
| 072 | _aE14; E50 | ||
| 090 | _ E14 BR0706498 | ||
| 110 | 1 |
_aMinistério do Planejamento, Orçamento e Gestão, Brasília, DF (Brasil) _97594 |
|
| 245 | 1 | _aPlano plurianual 2008-2011; mensagem presidencial, projeto de lei | |
| 260 | 3 |
_aBrasília, DF (Brasil): _c2007 . |
|
| 300 | _av. 1-2 | ||
| 500 | _a42 tables; 17 illus. | ||
| 650 | _aPROJETO DE DESENVOLVIMENTO | ||
| 650 | _aDESENVOLVIMENTO SOCIAL | ||
| 650 | _aPROGRAMA GOVERNAMENTAL | ||
| 650 | _aPOLÍTICA ECONÔMICA | ||
| 650 | _aEDUCAÇÃO | ||
| 650 | _aCRESCIMENTO ECONÔMICO | ||
| 650 | _aDESENVOLVIMENTO SUSTENTÁVEL | ||
| 650 | _aLEGISLAÇÃO | ||
| 909 |
_a202309 _bLucia _c55 _dLucia Elande |
||
| 942 | _cBK | ||
| 999 |
_c71475 _d71475 |
||